The Amherst tablets : being an account of the Babylonian inscriptions in the collection of the Right Hon. Lord Amherst of Hackney ... at Didlington hall, Norfolk /

Bibliographic Details
Main Author: Amherst, William Amhurst Tyssen-Amherst, Baron, 1835-1909
Other Authors: Pinches, Theophilus G. (Theophilus Goldridge), 1856-1934 (Editor)
Format: Book
Language:English
Published: London : B. Quaritch, 1908.
Subjects:

MARC

Tag First Indicator Second Indicator Subfields
LEADER 00000cam a2200000 4500
001 in00000013734
005 20151007052423.0
008 780707s1908 enkabf b 00010 eng
010 |a  10002570  
035 |a (OCoLC)04030803 
035 |9 AAA7702AM 
040 |a DLC  |c TSW  |d TXA  |d UtOrBLW 
049 |a TXAM  |c [A11049292] 
050 0 |a PJ3719  |b .A5 1908 
082 0 |a 492.1917 
100 1 |a Amherst, William Amhurst Tyssen-Amherst,  |c Baron,  |d 1835-1909. 
245 1 4 |a The Amherst tablets :  |b being an account of the Babylonian inscriptions in the collection of the Right Hon. Lord Amherst of Hackney ... at Didlington hall, Norfolk /  |c by Theophilus G. Pinches. Part I. Texts of the period extending to and including the reign of Bûr-Sin (about 2500 B.C.) ... 
264 1 |a London :  |b B. Quaritch,  |c 1908. 
300 |a xxii, 200 pages, 6 unnumbered leaves of plates :  |b illustrations, folded map ;  |c 34 x 26 cm. 
336 |a text  |b txt  |2 rdacontent 
337 |a unmediated  |b n  |2 rdamedia 
338 |a volume  |b nc  |2 rdacarrier 
504 |a Includes bibliographical references. 
650 0 |a Akkadian language  |v Texts. 
651 0 |a Babylonia  |x Commerce. 
651 0 |a Babylonia  |x Antiquities. 
700 1 |a Pinches, Theophilus G.  |q (Theophilus Goldridge),  |d 1856-1934,  |e editor. 
999 |a MARS 
999 f f |s fcf27177-4a87-367a-9c98-3c1a9667aae7  |i faf412c1-7358-32ae-8144-dec55b9a9dc3  |t 0 
952 f f |p ric  |a Texas A&M University  |b Rellis Campus  |c Joint Library Facility  |d Remote Storage  |t 0  |e PJ3719 .A5 1908  |h Library of Congress classification  |i unmediated -- volume  |m A14811049292 
998 f f |a PJ3719 .A5 1908  |t 0  |l Remote Storage